000 01157nam a22003377a 4500
001 11837660
003 OSt
005 20210426095219.0
008 991108s2000 paua b 001 0 eng
010 _a 99058099
020 _a0781720818 (pbk. : alk. paper)
040 _aeng
_cDLC
_deng
_beng
041 _aeng
042 _apcc
050 0 0 _aRT98
_b.H864 2000
080 _a614
_bH-92
082 0 0 _a610.73/43
_221
100 1 _aHunt, Roberta.
245 1 0 _aReadings in community-based nursing /
_cRoberta Hunt.
_b/ by: Lippincott
246 3 0 _aCommunity-based nursing
260 _aPhiladelphia :
_bLippincott
_cc2000.
300 _axii, 340 p. :
_bill. ;
_c24 cm.
504 _aIncludes bibliographical references and index.
650 0 _aCommunity health nursing.
650 0 _aPublic health nursing.
650 0 _aPublic Health
_9337
653 _aსაზოგადოებრივი ჯანდაცვა
906 _a7
_bcbc
_corignew
_d1
_eocip
_f19
_gy-gencatlg
942 _2udc
_cBK
999 _c873
_d873